000 00290nam a2200121Ia 4500
005 20251222144901.0
008 251222s9999||||xx |||||||||||||| ||spa||
082 _a790/L59/T.III
245 0 _aTime-Life Biblioteca del Arte
250 _a1ra.ed.
264 _bLibros Time-Life
942 _cLIB
999 _c21984
_d21984